00946ntm a22002297a 450000500170000000800410001704000280005808200170008610000290010324501010013226000100023330000350024350001850027859000220046365000450048565300230053065500090055370000280056294200080059099900170059895201010061520170810125827.0170802s2013 xx a frb 000 0 eng d aEG-ScBUEbengcEG-ScBUE04222a620bKAM1 aKamal, Hebatullah Ayman.14aThe effect of magnetic fuel treatment on diesel engine performance /cby Hebatullah Ayman Kamal. c2013. a68 p. :bill. (col.) ;c28 cm. aA dissertation submitted to the faculty of engineering the British university in Egypt in partial fulfillment of the requirements for the bachelor degree in Mechanical Engineering  aNOURA TARK KAMAL. 72BUEshvProjectsaMechanical Engineering. bENGMECcAugust2017 vSPRO1 aAbdelazim, Ahmed,eths. 2ddc c25132d25104 00102ddc4070aMAINbMAINc2NDd2017-08-06l0o620 KAMp000046294r2025-07-15 00:00:00yPROJST